Advanced engineering mathematics / (Record no. 1216)
[ view plain ]
| 000 -LEADER | |
|---|---|
| fixed length control field | 00676nac a22001931u 4500 |
| 008 - FIXED-LENGTH DATA ELEMENTS--GENERAL INFORMATION | |
| fixed length control field | 090525t1992 -us||||| |||| 00| 0 eng d |
| 010 ## - LIBRARY OF CONGRESS CONTROL NUMBER | |
| LC control number | 91024071 |
| 020 ## - INTERNATIONAL STANDARD BOOK NUMBER | |
| International Standard Book Number | 0534928005 (alk. paper) |
| 082 00 - DEWEY DECIMAL CLASSIFICATION NUMBER | |
| Classification number | 620.00151 |
| Item number | ZIL |
| Edition number | 22 |
| 100 ## - MAIN ENTRY--PERSONAL NAME | |
| Personal name | Zill, Dennis G., |
| 9 (RLIN) | 5148 |
| 245 10 - TITLE STATEMENT | |
| Title | Advanced engineering mathematics / |
| Statement of responsibility, etc | Dennis G. Zill, Michael R. Cullen. |
| 260 ## - PUBLICATION, DISTRIBUTION, ETC. (IMPRINT) | |
| Place of publication, distribution, etc | Boston : |
| Name of publisher, distributor, etc | PWS-KENT Pub. Co., |
| Date of publication, distribution, etc | c1992. |
| 300 ## - PHYSICAL DESCRIPTION | |
| Extent | xv, 1098, 102 p. : |
| Other physical details | ill. ; |
| Dimensions | 26 cm. |
| 440 #0 - | |
| -- | Prindle, Weber & Schmidt series in mathematics |
| -- | 5149 |
| 500 ## - GENERAL NOTE | |
| General note | Includes index. |
| 650 #0 - SUBJECT ADDED ENTRY--TOPICAL TERM | |
| Topical term or geographic name as entry element | Engineering mathematics. |
| 9 (RLIN) | 5150 |
| 700 1# - ADDED ENTRY--PERSONAL NAME | |
| Personal name | Cullen, Michael R. |
| 9 (RLIN) | 5151 |
| 942 ## - ADDED ENTRY ELEMENTS (KOHA) | |
| Item type | Book - Borrowing |
| Call number prefix | 620.00151ZIL |
| Source of classification or shelving scheme | Dewey Decimal Classification |
| Withdrawn status | Item status | Damaged status | Not for loan | Home library | Current library | Shelving location | Date acquired | Source of acquisition | Total Checkouts | Full call number | Barcode | Date last seen | Date last borrowed | Koha item type | Total Renewals |
|---|---|---|---|---|---|---|---|---|---|---|---|---|---|---|---|
| Central Library | Central Library | First floor | 27/08/2006 | Purchase | 1 | 620.00151 ZIL | 000003275 | 15/07/2025 | 29/03/2009 | Book - Borrowing | |||||
| Central Library | Central Library | First floor | 27/08/2006 | Purchase | 620.00151 ZIL | 000003274 | 15/07/2025 | Book - Borrowing | |||||||
| Central Library | Central Library | First floor | 27/08/2006 | Purchase | 2 | 620.00151 ZIL | 000000132 | 15/07/2025 | 16/01/2016 | Book - Borrowing | 8 |